Alternativní propočty indexu fyzického objemu průmyslové produkce od roku 1968 do roku 1989.

Reakcia na článok V. Nachtigala (Statistika 3/91) o možnostiach kvantifikácie nadhodnocovania dynamiky niektorých ukazovateľov v oficiálnych publikáciách v minulosti. Štatistické údaje o indexe fyzického objemu priemyselnej výroby podľa rôznych hľadísk. Možnosti prehodnotenia a porovnania.

Saved in:
Bibliographic Details
Main Author: Vojta, M.
Format: Book Chapter
Language:Czech
Subjects:
Tags: Add Tag
No Tags, Be the first to tag this record!

MARC

LEADER 00000naa a2200000 4500
001 r007421
005 20220831090944.9
041 0 |a cze 
044 |a [CS] 
245 1 0 |a Alternativní propočty indexu fyzického objemu průmyslové produkce od roku 1968 do roku 1989.  |c M. Vojta 
520 |a Reakcia na článok V. Nachtigala (Statistika 3/91) o možnostiach kvantifikácie nadhodnocovania dynamiky niektorých ukazovateľov v oficiálnych publikáciách v minulosti. Štatistické údaje o indexe fyzického objemu priemyselnej výroby podľa rôznych hľadísk. Možnosti prehodnotenia a porovnania. 
610 2 0 |a ukazovatele štatistické 
610 2 0 |a objem výroby 
610 2 0 |a výroba priemyselná 
610 2 0 |a 1968-1989 
100 1 |a Vojta, M.